[Event "Karpos Open 2013"]
[Site "Skopje MKD"]
[Date "2013.03.16"]
[Round "9.7"]
[White "Safarli,E"]
[Black "Hamitevici,V"]
[Result "0-1"]
[WhiteElo "2638"]
[BlackElo "2444"]

1.e4 g6 2.d4 Bg7 3.Nc3 c6 4.Nf3 d6 5.Be2 Nd7 6.O-O Qc7 7.Be3 Ngf6 8.Nd2 b5
9.f4 Nb6 10.a4 b4 11.a5 Nbd7 12.Ncb1 c5 13.d5 O-O 14.c3 Rb8 15.Bc4 Re8 16.h3 e6
17.dxe6 fxe6 18.f5 gxf5 19.exf5 Ne5 20.Bxe6+ Bxe6 21.fxe6 Rxe6 22.Bg5 Qc6
23.Bxf6 Rxf6 24.Rxf6 Bxf6 25.Qc2 d5 26.cxb4 cxb4 27.Qd1 Qc5+ 28.Kh2 Qd4 29.Qf1 Rf8
30.Qf5 Bg7 31.Qe6+ Kh8 32.Ra4 Nd3 33.Nf3 Rxf3  0-1

[Event "TCh-CZE Div1 Zapad 2012-13"]
[Site "Czech Republic CZE"]
[Date "2013.03.17"]
[Round "9.3"]
[White "Priehoda,V"]
[Black "Petran,Pe"]
[Result "1-0"]
[WhiteElo "2414"]
[BlackElo "2277"]

1.d4 g6 2.e4 c6 3.Nc3 Bg7 4.Nf3 d6 5.h3 b5 6.Bd3 Nd7 7.a4 b4 8.Ne2 a5 9.O-O Qc7
10.c3 bxc3 11.Nxc3 Ngf6 12.Re1 e5 13.Qc2 Qb7 14.dxe5 dxe5 15.b3 O-O 16.Ba3 Re8
17.Nb1 Bf8 18.Bxf8 Nxf8 19.Nbd2 Qe7 20.Rac1 Bd7 21.Nc4 Nh5 22.Bf1 f6 23.Red1 Be6
24.Qc3 Red8 25.Rxd8 Qxd8 26.Ne3 Nf4 27.Rd1 Qb6 28.Nc4 Qc5 29.Qe3 Qb4 30.Rd6 Rb8
31.Nfd2 c5 32.Kh2 Kg7 33.g3 Nh5 34.Be2 Rb7 35.Rc6 Bxc4 36.Nxc4 Nd7 37.Bxh5 gxh5
38.Nd6 Rb6 39.Nf5+ Kf7 40.Qh6  1-0

[Event "13th European Seniors"]
[Site "Plovdiv BUL"]
[Date "2013.03.19"]
[Round "9"]
[White "Levinsky,G"]
[Black "Hjertenes,O"]
[Result "0-1"]
[WhiteElo "2018"]
[BlackElo "2087"]

1.e4 g6 2.d4 Bg7 3.Nc3 c6 4.f4 d5 5.e5 e6 6.Nf3 Ne7 7.Be3 b6 8.b4 Ba6 9.b5 cxb5
10.Nxb5 Bxb5 11.Bxb5+ Nbc6 12.O-O a6 13.Be2 Na5 14.Bd3 Qc7 15.Rb1 h5 16.Qe1 Bf8
17.Bd2 Nec6 18.Qh4 Be7 19.Qh3 b5 20.Be1 Rf8 21.c3 Nd8 22.Qg3 Nc4 23.Qf2 Rc8
24.h3 Kd7 25.g4 hxg4 26.hxg4 Nc6 27.Kg2 Rh8 28.Rh1 Rxh1 29.Kxh1 Rh8+ 30.Kg2 N6a5
31.f5 gxf5 32.gxf5 Qc8 33.f6 Qg8+ 34.Qg3 Qxg3+ 35.Bxg3 Ba3 36.Be1 Ke8 37.Nd2 Rg8+
38.Kf2 Rh8 39.Nxc4 Nxc4 40.Bxc4 dxc4 41.Kg2 Kd7 42.Bg3 Kc6 43.Kf3 a5 44.Rg1 b4
45.Ke4 bxc3 46.Rg2 Rg8 47.d5+ exd5+ 48.Kd4 Rxg3 49.Rxg3 c2 50.Rg1 c1=Q 51.Rxc1 Bxc1
52.e6 fxe6  0-1

[Event "Nis Open 2013"]
[Site "Nis SRB"]
[Date "2013.03.23"]
[Round "3.18"]
[White "Krstic,Mihailo"]
[Black "Perunovic,L"]
[Result "0-1"]
[WhiteElo "1925"]
[BlackElo "1962"]

1.e4 g6 2.d4 c6 3.Nc3 Bg7 4.Be3 d5 5.e5 Nh6 6.Qd2 Nf5 7.h4 h5 8.Bd3 Nxe3
9.Qxe3 Qb6 10.O-O-O e6 11.f4 Bf8 12.Nf3 c5 13.Na4 Qa5 14.Nxc5 Bxc5 15.dxc5 Qxa2
16.Bb5+ Bd7 17.Bxd7+ Nxd7 18.b4 a5 19.Kd2 Qc4 20.bxa5 Nxc5 21.Ng5 Rxa5 22.Ra1 Rxa1
23.Rxa1 O-O 24.Ra3 Rc8 25.Rc3 Qb4  0-1

[Event "TCh-AUT 2012-13"]
[Site "St.Veit AUT"]
[Date "2013.03.23"]
[Round "10.4"]
[White "Mihok,O"]
[Black "Fauland,A"]
[Result "1-0"]
[WhiteElo "2451"]
[BlackElo "2439"]

1.e4 g6 2.d4 Bg7 3.Nc3 c6 4.f4 d5 5.e5 Nh6 6.Nf3 Bg4 7.Be3 e6 8.h3 Nf5 9.Bf2 Bxf3
10.Qxf3 Nd7 11.g4 Ne7 12.Bd3 f6 13.exf6 Bxf6 14.O-O-O Qc7 15.Rhe1 Qd6 16.Bf1 O-O
17.Qe3 Rae8 18.Bg3 c5 19.Nb5 Qb6 20.Qxe6+ Qxe6 21.Rxe6 Nc6 22.Nc7 Rxe6 23.Nxe6 Re8
24.Nxc5 Nxc5 25.dxc5 Re3 26.Rd3 Rxd3 27.Bxd3 Bd4 28.f5 Kf7 29.Bd6 Ne5 30.fxg6+ hxg6
31.b4 Bc3 32.a3 g5 33.Kb1 Nc4 34.Bxc4 dxc4 35.b5 Ke6 36.Bb8  1-0

[Event "17th Neckar Open"]
[Site "Deizisau GER"]
[Date "2013.03.28"]
[Round "1.14"]
[White "Haemmerle,G AUT"]
[Black "Piorun,K"]
[Result "0-1"]
[WhiteElo "2105"]
[BlackElo "2529"]

1.e4 g6 2.d4 Bg7 3.Nc3 c6 4.h4 d5 5.e5 h5 6.Bg5 Qb6 7.Na4 Qc7 8.Qd2 Bf5 9.c4 dxc4
10.Rc1 b5 11.Nc3 f6 12.exf6 Nxf6 13.Bf4 Qb6 14.Nf3 Nbd7 15.g3 O-O 16.Bg2 Bd3
17.Bf1 Bf5 18.Bg2 Ng4 19.O-O e5 20.dxe5 Ndxe5 21.Nxe5 Nxe5 22.Bg5 Nd3 23.Rcd1 Rae8
24.Kh2 b4 25.Na4 Qb5 26.b3 c3 27.Qc2 Nb2  0-1

[Event "17th Neckar Open"]
[Site "Deizisau GER"]
[Date "2013.03.30"]
[Round "5.9"]
[White "Milov,L"]
[Black "Korotkjevich,S"]
[Result "1/2-1/2"]
[WhiteElo "2528"]
[BlackElo "2389"]

1.e4 g6 2.d4 Bg7 3.Nc3 c6 4.f4 d5 5.e5 Nh6 6.Be2 O-O 7.Nf3 f6 8.O-O b6 9.Kh1 Na6
10.Be3 Nc7 11.Nh4 fxe5 12.fxe5 Rxf1+ 13.Qxf1 Nf5 14.Nxf5 Bxf5 15.Qd1 Qd7
16.Qd2 Rf8 17.Rf1 Bg4 18.Rxf8+ Bxf8 19.Bf1 Bg7 20.h3 Be6 21.Ne2 Qe8 22.g4 Qf7
23.Bg2 Bc8 24.Ng1 Ba6 25.Nf3 Ne6 26.Kh2 Qe8 27.b3 Qd7 28.c3 Nd8 29.Kg3 Nf7
30.Bf4 Bc8 31.Bf1 Qe8 32.Bd3 Qf8 33.Bc2 Bh6 34.g5 Bg7 35.h4 Qd8 36.h5 Nh8
37.h6 Bf8 38.Qe2 Be6 39.Nh4 Qc8 40.Bd3 Qe8 41.Qc2 Qf7 42.Be3 Bd7 43.Kh2 Qe6
44.Qg2 Nf7 45.Qg3 Nd8 46.Ng2 Qf7 47.Qf2 Qe6 48.Qf3 Bc8 49.c4 Qf7 50.Qxf7+ Kxf7
51.cxd5 cxd5 52.Nf4 Bb7 53.Be2 e6 54.Kg3 Be7 55.Kg4 Nc6 56.Bd3 Bc8 57.Nxg6  1/2-1/2

[Event "17th Neckar Open"]
[Site "Deizisau GER"]
[Date "2013.03.31"]
[Round "7.6"]
[White "Saric,Iv"]
[Black "Korotkjevich,S"]
[Result "1-0"]
[WhiteElo "2616"]
[BlackElo "2389"]

1.e4 g6 2.d4 Bg7 3.Nc3 c6 4.f4 d5 5.e5 Nh6 6.Nf3 O-O 7.Be2 f6 8.O-O b6 9.b4 Bb7
10.Be3 a5 11.a3 Ng4 12.Bd2 c5 13.bxc5 bxc5 14.Na4 c4 15.Rb1 Bc6 16.Nc5 Qc8
17.Ng5 Nh6 18.Nge6 Rf7 19.g4 Na6 20.Nxa6 Rxa6 21.Nc5 Ra8 22.e6 Rf8 23.f5 Kh8
24.Qc1 Ng8 25.Bf4 Rd8 26.Qe3 Be8 27.Rb7 Rd6 28.Rfb1 Bc6 29.R7b6 Bf8 30.Bf3 Rd8
31.h4 Bg7 32.h5 gxh5 33.gxh5 Nh6 34.Bxh6 Bxh6 35.Qxh6 Rg8+ 36.Kf2 Qc7 37.Ke3 Rg5
38.Na6 Qg3 39.Rb8+ Rxb8 40.Rxb8+ Rg8 41.Rxg8+ Kxg8 42.Qf4 Qe1+ 43.Be2 c3
44.Kf3 Qh1+ 45.Kf2 h6 46.Bf3  1-0

[Event "6th Montalvo Open"]
[Site "Las Palmas ESP"]
[Date "2013.03.31"]
[Round "9.9"]
[White "Espinoza Palomino,W"]
[Black "Lopez Colon,F"]
[Result "0-1"]
[WhiteElo "2284"]
[BlackElo "2045"]

1.e4 g6 2.d4 Bg7 3.Nc3 c6 4.Bc4 d6 5.Qf3 e6 6.Nge2 Nd7 7.Bb3 Ngf6 8.g4 h5
9.g5 Nh7 10.Qg3 e5 11.dxe5 dxe5 12.Be3 O-O 13.O-O Qe7 14.f4 exf4 15.Nxf4 Ne5
16.Nd3 Nxd3 17.cxd3 Be5 18.Qg2 Be6 19.d4 Bxb3 20.axb3 Bg7 21.e5 c5 22.Nd5 Qd7
23.Rad1 cxd4 24.Bxd4 Kh8 25.Nf6 Qb5 26.Bc3 Rac8 27.Rd5 Qxb3 28.Rd7 Rb8 29.Qd2 Qe6
30.Rd6 Qh3 31.Nd7 Qg4+ 32.Qg2 Qxg2+ 33.Kxg2 Nxg5 34.Nxb8 Rxb8 35.Rd7 h4 36.Bd2 h3+
37.Kg1 Ne4 38.Rfxf7 Bxe5 39.Bf4 Bxf4 40.Rxf4 Ng5 41.Rh4+ Kg8 42.Rg4 Nf3+
43.Kf2 Ne5 44.Rgd4 Nxd7 45.Rxd7 a5 46.Kg3 b5 47.Kxh3 a4 48.Kg4 Rc8 49.Kg5 Rc2
50.h4 Rxb2 51.Kxg6 Rg2+ 52.Kf6 a3 53.Ra7 a2 54.Ra8+ Kh7 55.Ra7+ Kh6 56.Ra8 Rf2+
57.Ke5 b4 58.Kd4 b3 59.Ra6+ Kh5  0-1

[Event "e2e4 Dublin Masters"]
[Site "Dublin IRL"]
[Date "2013.04.01"]
[Round "8"]
[White "Braun,A"]
[Black "Petrov,Marij"]
[Result "1-0"]
[WhiteElo "2556"]
[BlackElo "2508"]

1.d4 g6 2.e4 Bg7 3.Nc3 c6 4.Bc4 d6 5.Qf3 e6 6.Nge2 Nd7 7.Be3 Ngf6 8.Bb3 Qe7
9.h3 e5 10.d5 c5 11.a4 a6 12.a5 O-O 13.g4 Ne8 14.Ng3 Qh4 15.Nb1 b5 16.axb6 Nxb6
17.Nd2 a5 18.Nc4 Nxc4 19.Bxc4 f5 20.Bd2 fxg4 21.hxg4 Qxg4 22.Qg2 Nf6 23.f3 Qd7
24.Qe2 Qc7 25.Bb5 Bd7 26.Bxd7 Nxd7 27.b3 c4 28.bxc4 Rfc8 29.Nf1 a4 30.Ne3 Qb6
31.Qh2 Nf8 32.Ke2 Rcb8 33.Ra3 Ra7 34.Rha1 Rba8 35.Qg1 Nd7 36.Rb1 Qa6 37.Qg4 Re8
38.Rb5 Nb6 39.Ra5 Qxa5 40.Bxa5 Rxa5 41.Qg1 Nd7 42.c5 Rxc5 43.Rxa4 Nf6 44.Ra6 Nh5
45.Rxd6 Bh6 46.Rxg6+ hxg6 47.Qxg6+  1-0

[Event "SuperNationals V"]
[Site "Nasville USA"]
[Date "2013.04.05"]
[Round "2"]
[White "Ostrovskiy,Al"]
[Black "Yang,Charles"]
[Result "1-0"]
[WhiteElo "2379"]
[BlackElo "2068"]

1.e4 g6 2.d4 Bg7 3.Nc3 c6 4.f4 d5 5.e5 h5 6.Nf3 Nh6 7.Be3 Bg4 8.h3 Nf5 9.Bf2 Bxf3
10.Qxf3 h4 11.Bd3 e6 12.Ne2 Nd7 13.O-O Rc8 14.b3 Bf8 15.c4 a6 16.c5 Qe7 17.b4 f6
18.a4 Qh7 19.b5 axb5 20.axb5 Qh5 21.Qxh5 Rxh5 22.Ra7 Rb8 23.Rb1 Be7 24.bxc6 bxc6
25.Rxb8+ Nxb8 26.Ra8 Kf7 27.Rxb8  1-0

[Event "TCh-NED Meesterklasse 2012-13"]
[Site "Netherland NED"]
[Date "2013.04.06"]
[Round "8.10"]
[White "Rijnaarts,S"]
[Black "Lanchava,T"]
[Result "1-0"]
[WhiteElo "2341"]
[BlackElo "2351"]

1.e4 c6 2.d4 g6 3.Nc3 Bg7 4.f4 d5 5.e5 Nh6 6.Nf3 Bg4 7.Be3 O-O 8.h3 Bxf3
9.Qxf3 f6 10.Qe2 fxe5 11.dxe5 Nf5 12.Bf2 e6 13.h4 Qa5 14.O-O-O Bh6 15.g3 d4
16.Rxd4 Nxd4 17.Bxd4 Qb4 18.Be3 Qe7 19.h5 g5 20.Qg4 Nd7 21.Ne4 Kh8 22.Nxg5 Nxe5
23.Bd4 Bg7 24.h6 Nxg4 25.hxg7+ Kg8 26.gxf8=Q+ Rxf8 27.Bc4 Rf6 28.Rxh7 Qb4
29.Bxe6+ Kf8 30.c3 Qb5 31.Bxg4 Qf1+ 32.Bd1 Rd6 33.f5 Rxd4 34.Ne6+ Kg8 35.Rg7+ Kh8
36.cxd4 Qxf5 37.Bb3 Qf1+ 38.Kd2 Qf2+ 39.Kd3 Qf3+ 40.Kc4 Qd5+ 41.Kc3 Qf3+
42.Kb4 c5+ 43.dxc5 Qh1 44.Rd7 Qe1+ 45.Ka4 Qe2 46.Ka3 Qa6+ 47.Kb4 Qe2 48.Rd4 Qxb2
49.g4 Qc1 50.Rd1 a5+ 51.Kxa5 Qa3+ 52.Kb6 Qa6+ 53.Kc7 Qc6+ 54.Kb8 Kh7 55.g5 Kg6
56.Rd6 Qh1 57.Rd5 Kf7 58.Nd4  1-0

[Event "TCh-AUT 2 East 2012-13"]
[Site "Austria AUT"]
[Date "2013.04.07"]
[Round "11.3"]
[White "Prager,M AUT"]
[Black "Petran,Pe"]
[Result "0-1"]
[WhiteElo "2035"]
[BlackElo "2277"]

1.e4 g6 2.d4 Bg7 3.Nc3 c6 4.Be3 b5 5.Qd2 d6 6.Bd3 a6 7.Nge2 Nd7 8.Nd1 e5
9.c3 Bb7 10.O-O Ngf6 11.f3 O-O 12.Rc1 Re8 13.Kh1 Rc8 14.b3 exd4 15.cxd4 c5
16.d5 Ne5 17.Bb1 b4 18.Nb2 a5 19.Nd3 Ba6 20.Nxe5 Rxe5 21.Bd3 Qb6 22.Nf4 Ree8
23.Bxa6 Qxa6 24.Nd3 Nd7 25.Rfd1 a4 26.Nb2 axb3 27.axb3 Ra8 28.Nc4 Ne5 29.Nxd6 Qxd6
30.Bxc5 Qf6 31.Bd4 Qh4 32.Qxb4 Bh6 33.Ra1 Bf4 34.Bg1 Rxa1 35.Rxa1 Nd3 36.Qd4 Be5
37.Qxd3 Bxa1 38.b4 Be5 39.b5 Ra8 40.f4 Qxf4 41.g3 Qf6 42.b6 Ra1 43.Kg2 Ra2+
44.Kh1 Rb2 45.Bc5 Qg5 46.Be3 Rxh2+ 47.Kxh2 Qxg3+  0-1

[Event "TCh-CZE Div1 Vychod 2012-13"]
[Site "Czech Republic CZE"]
[Date "2013.04.07"]
[Round "10.5"]
[White "Krcal,M"]
[Black "Karlik,V"]
[Result "0-1"]
[WhiteElo "2152"]
[BlackElo "2306"]

1.e4 g6 2.d4 Bg7 3.Nc3 c6 4.Be3 d5 5.Qd2 dxe4 6.Nxe4 Nd7 7.O-O-O Ngf6 8.Ng3 Nb6
9.Bh6 Bxh6 10.Qxh6 Qd5 11.b3 Qd6 12.Kb2 Be6 13.Nf3 Qb4 14.Ne2 Ne4 15.Qh4 Na4+
16.Ka1 Qa3 17.Rb1 Nec3 18.Nxc3 Nxc3 19.Rb2 Nxa2  0-1

[Event "15th Dubai Open 2013"]
[Site "Dubai UAE"]
[Date "2013.04.11"]
[Round "5.29"]
[White "Saduakassova,D"]
[Black "Lalith,B"]
[Result "0-1"]
[WhiteElo "2336"]
[BlackElo "2565"]

1.e4 g6 2.d4 Bg7 3.Nc3 c6 4.Be3 d5 5.Qd2 dxe4 6.Nxe4 Nd7 7.Nc3 Ngf6 8.Bh6 Bxh6
9.Qxh6 Qa5 10.Bd3 b5 11.Qd2 Bb7 12.Ne4 Qxd2+ 13.Kxd2 Nxe4+ 14.Bxe4 O-O-O
15.Re1 f5 16.Bf3 e5 17.dxe5 Nxe5+ 18.Kc1 Rhe8 19.Nh3 a6 20.Ng5 Rd7 21.Re2 h6
22.Nh3 Rde7 23.Rhe1 Kd7 24.Rd1+ Kc7 25.Rde1 Bc8 26.Re3 Bd7 27.Bd1 c5 28.Nf4 Bc6
29.g3 Kd6 30.h4 c4 31.c3 Be4 32.Bc2 g5 33.hxg5 hxg5 34.Rd1+ Kc5 35.Nh3 Nf3
36.Bxe4 fxe4 37.Ng1 Ne5 38.Kc2 Nd3 39.f3 g4 40.fxg4 Rf7 41.b3 Rf2+ 42.Rd2 Rf1
43.Rd1 Rxd1 44.Kxd1 Nf2+ 45.Kc2 Nxg4 46.Re1 e3 47.Nh3 Rd8 48.Rd1 e2 49.Re1 Ne3+
50.Kb2 Rd2+  0-1

[Event "ch-LAT w 2013"]
[Site "Riga LAT"]
[Date "2013.04.14"]
[Round "2.4"]
[White "Golubeva,Marija"]
[Black "Rogule,A"]
[Result "1/2-1/2"]
[WhiteElo "1787"]
[BlackElo "2099"]

1.e4 g6 2.d4 Bg7 3.Nc3 c6 4.Be3 d5 5.e5 Nh6 6.Qd2 Nf5 7.Bf4 h5 8.Nf3 b6 9.O-O-O Na6
10.Ng5 Nc7 11.Be2 Ne6 12.Nxe6 Bxe6 13.h3 h4 14.Bg4 b5 15.g3 hxg3 16.fxg3 Qa5
17.a3 Qb6 18.b4 Qxd4 19.Qe1 Qb6 20.a4 bxa4 21.Nxa4 Qa6 22.Nc5 Qa1+ 23.Kd2 Qd4+
24.Kc1 Qa1+ 25.Kd2 Qa3 26.Ke2 Qb2 27.Kf1 Qxc2 28.Rc1 Qb2 29.Nxe6 fxe6 30.Bxf5 gxf5
31.Rxc6 Kd7 32.Qc3 Qxc3 33.Rxc3 Rhc8 34.Rxc8 Rxc8 35.Kf2 Rb8 36.Ra1 Rb7 37.Ke3 Kc6
38.Rc1+ Kd7 39.Ra1 Rc7 40.Kd3 Kc8 41.Ra6 Kd7 42.h4 Rb7 43.h5 Ke8 44.h6 Bf8
45.Rxe6 Rxb4 46.h7 Bg7 47.Rc6 Rb8 48.Kd4 Rd8 49.Rc7 a5 50.Ra7 Kf7 51.Rxa5 e6
52.Ra7+ Kg6 53.Re7 Kxh7 54.Rxe6 Rd7 55.Bg5 Kg8 56.Bf6 Bf8 57.Rb6 Bg7 58.Rb8+ Kf7
59.Bxg7 Kxg7 60.Rb5 Kg6 61.Rxd5 Re7 62.Rd6+ Kg5  1/2-1/2

[Event "23rd ch-SLO 2013"]
[Site "Sentjur SLO"]
[Date "2013.04.14"]
[Round "9.4"]
[White "Tomazini,Z"]
[Black "Srebrnic,M"]
[Result "1-0"]
[WhiteElo "2357"]
[BlackElo "2378"]

1.e4 g6 2.d4 c6 3.Nc3 Bg7 4.Nf3 d5 5.h3 dxe4 6.Nxe4 Nf6 7.Bd3 Nbd7 8.Nxf6+ Nxf6
9.O-O O-O 10.Re1 Qc7 11.c4 Rd8 12.Qe2 Re8 13.Be3 b6 14.Qd2 Bd7 15.Bf4 Qb7
16.Ne5 Rad8 17.Rad1 Be6 18.Qe3 Qc8 19.Be2 Nd7 20.Nf3 Nf8 21.b3 f6 22.Bf1 Bf7
23.g4 g5 24.Bg3 h5 25.gxh5 Bxh5 26.Bg2 e6 27.h4 gxh4 28.Bxh4 Bg4 29.Bg3 Ng6
30.Qd3 Kf7 31.Qe2 Bf5 32.Nh4 Nxh4 33.Bxh4 Rh8 34.Bg3 Qd7 35.d5 cxd5 36.cxd5 e5
37.d6 Bg4 38.f3 Bh3 39.f4 Bxg2 40.Qxg2 Rhe8 41.fxe5 fxe5 42.Bh4 Rc8 43.Be7 Rc3
44.Rxe5 Bxe5 45.Rf1+ Ke6 46.Qg4+ Kd5 47.Rd1+ Kc6 48.Qe4+ Kb5 49.Qa4+ Kc5
50.Qxd7 Rg8+ 51.Kf1 Rgg3 52.b4+ Kxb4 53.Rb1+ Kc4 54.Qb5+  1-0

[Event "ch-LAT w 2013"]
[Site "Riga LAT"]
[Date "2013.04.15"]
[Round "4.5"]
[White "Ungure,L"]
[Black "Rogule,A"]
[Result "1-0"]
[WhiteElo "2043"]
[BlackElo "2099"]

1.e4 g6 2.d4 Bg7 3.Nc3 c6 4.Nf3 d5 5.h3 Nh6 6.Bf4 f6 7.Qd2 Nf7 8.e5 fxe5
9.dxe5 e6 10.O-O-O Nd7 11.Re1 Qc7 12.Qe3 b6 13.h4 Bb7 14.h5 O-O-O 15.Bd3 gxh5
16.Rxh5 Nf8 17.Reh1 c5 18.Nb5 Qd7 19.Nd6+ Nxd6 20.exd6 c4 21.Ne5 Qb5 22.Bxh7 Rxd6
23.c3 Rd8 24.Qg3 Bf6 25.Nf7 Qa4 26.Nxh8 Qxa2 27.Bb1 Qa1 28.Be5 d4 29.Bxf6 Be4
30.Bxd4 Qxb1+ 31.Kd2 Qc2+ 32.Ke3 Nd7 33.Nf7 Qd3+ 34.Kf4 e5+ 35.Bxe5 Nxe5
36.Qxd3 cxd3 37.Nxd8  1-0

[Event "7th Agzamov Memorial"]
[Site "Tashkent UZB"]
[Date "2013.04.15"]
[Round "2"]
[White "Yeo,M"]
[Black "Dzhumaev,M"]
[Result "0-1"]
[WhiteElo "2155"]
[BlackElo "2557"]

1.e4 g6 2.d4 Bg7 3.Nc3 c6 4.f4 d5 5.e5 Nh6 6.Nf3 Bg4 7.Be2 Nf5 8.Ng5 Bxe2
9.Nxe2 e6 10.g4 Nh4 11.Ng3 h6 12.Nh3 c5 13.O-O cxd4 14.Qxd4 Nc6 15.Qf2 Bf8
16.c3 Be7 17.Be3 Qa5 18.a4 Qa6 19.Qe2 Qxe2 20.Nxe2 h5 21.g5 Nf5 22.Bf2 Na5
23.Nd4 Nxd4 24.Bxd4 Nb3 25.Rad1 Kd7 26.Be3 Rhc8 27.f5 gxf5 28.Rf4 Na5 29.Rh4 Nc4
30.Bd4 Rh8 31.Kf1 b6 32.b3 Na5 33.c4 Nxb3 34.cxd5 Nxd4 35.Rhxd4 exd5 36.Nf4 Bxg5
37.Nxd5 Rad8 38.Nxb6+ Ke6 39.Nd7 Be7 40.Rd5 Rc8 41.Ke2 Rc2+ 42.Kf3 Rhc8 43.Nf6 R8c6
44.Nxh5 R6c3+ 45.R1d3 Rxd3+ 46.Rxd3 Bg5 47.Nf4+ Bxf4 48.Kxf4 Rc4+ 49.Kg5 Rg4+
50.Kh5 Rxa4 51.h4 f4 52.Kg5 Kxe5 53.h5 Ra1 54.Rh3 Rg1+ 55.Kh4 Kf5 56.h6 Rg4+
57.Kh5 Rg5+ 58.Kh4 Kg6 59.Rf3 Kxh6 60.Rxf4 Kg6 61.Ra4 a5 62.Kh3 Kf6 63.Kh4 Rb5
64.Kg3 Ke5 65.Kf3 f5 66.Ke3 Kd5 67.Kd3 Kc5 68.Kc3 Kb6 69.Rf4 Rc5+ 70.Kb3 Re5
71.Kc3 Kb5 72.Kb3 Rd5 73.Ka3 Kc5 74.Kb3 Kd6 75.Kc4 a4 76.Rf3 Re5 77.Ra3 Ra5
78.Kd4 Ke6 79.Ke3 Ke5 80.Kf3 Kd4 81.Ke2 Kc4 82.Kd2 Kb4 83.Ra1 a3 84.Rb1+ Kc4  0-1

[Event "7th Agzamov Memorial"]
[Site "Tashkent UZB"]
[Date "2013.04.18"]
[Round "5"]
[White "Alikulov,Elbek"]
[Black "Guseynov,A"]
[Result "0-1"]
[WhiteElo "2144"]
[BlackElo "2183"]

1.e4 g6 2.d4 Bg7 3.Nc3 c6 4.f4 d5 5.e5 Nh6 6.Nf3 O-O 7.Be3 Bg4 8.h3 Bxf3
9.Qxf3 f6 10.exf6 exf6 11.O-O-O Nf5 12.h4 Nxe3 13.Qxe3 Re8 14.Qf2 Qe7 15.Rh3 f5
16.h5 Nd7 17.hxg6 hxg6 18.g4 fxg4 19.Rg3 Nf6 20.Bd3 Kf7 21.Rf1 b5 22.f5 g5
23.Qd2 Qd6 24.Rg2 b4 25.Ne2 Rh8 26.Kb1 Rh5 27.Rfg1 Bh6 28.Nc1 g3 29.Rxg3 g4
30.Qd1 Bf4 31.R3g2 Be3 32.Re1 Re8 33.Rge2 Qf4 34.Nb3 Bf2 35.Rxe8 Nxe8 36.Rh1 Rxh1
37.Qxh1 Nf6 38.c3 bxc3 39.bxc3 g3 40.Nc5 Bxd4 41.cxd4 Qxd4 42.Qh6 Qg1+ 43.Kb2 Qh2+  0-1

[Event "TCh-NED Meesterklasse 2012-13"]
[Site "Netherland NED"]
[Date "2013.04.20"]
[Round "9.8"]
[White "Dek,L"]
[Black "Lanchava,T"]
[Result "1-0"]
[WhiteElo "2244"]
[BlackElo "2351"]

1.e4 c6 2.d4 g6 3.Nc3 Bg7 4.f4 d5 5.e5 Qb6 6.Rb1 Nh6 7.Be2 f6 8.Nf3 Bg4 9.Be3 Nf5
10.Bf2 Bh6 11.g3 O-O 12.O-O Bh3 13.Re1 g5 14.fxg5 fxg5 15.Kh1 Bg4 16.Kg2 e6
17.Nxg5 Bxe2 18.Qxe2 Bxg5 19.Qg4 Qd8 20.h4 h6 21.hxg5 Qxg5 22.Qxg5+ hxg5
23.Rh1 Kg7 24.g4 Nh6 25.Rh5 Nf7 26.Be3 Kg6 27.Ne2 Nd7 28.Ng1 Rh8 29.Rxh8 Rxh8
30.Nf3 c5 31.dxc5 Rc8 32.Rf1 Ndxe5 33.Nxe5+ Nxe5 34.Bd4 Nxg4 35.Kg3 Nh6 36.Rf6+ Kh5
37.c3 Nf5+ 38.Kf3 Re8 39.Be5 g4+ 40.Kf2 Kg5 41.Rf7 g3+ 42.Kf3 Rg8 43.Rxb7 Kh6
44.Rb8 Nh4+ 45.Ke2 Rg4 46.Rh8+ Kg5 47.Rg8+ Ng6 48.Bxg3 Rxg3 49.c6 Kh4 50.Kf2 Rg4
51.c7 Ne7 52.Re8 Rc4 53.Rxe7 Kg4 54.Rxe6 Rxc7 55.Ke3 Kf5 56.Re8 Rc4 57.Kd3 Rh4
58.b4 a6 59.a4 a5 60.b5 Rh1 61.Ra8 Ke5 62.Rxa5 Rh3+ 63.Kc2 d4 64.b6+ Kd6
65.cxd4 Kc6 66.Rb5 Kb7 67.Rb3 Rh5 68.Kd3 Ra5 69.Rb4  1-0

[Event "48th Capablanca Open I 2013"]
[Site "Havana CUB"]
[Date "2013.04.21"]
[Round "1.52"]
[White "Fandino Reyes,R"]
[Black "Gutierrez Delgado,Y"]
[Result "1/2-1/2"]
[WhiteElo "2067"]
[BlackElo "2335"]

1.e4 c6 2.d4 g6 3.Nc3 Bg7 4.Be3 d5 5.exd5 cxd5 6.Bb5+ Bd7 7.Qe2 Nf6 8.Nf3 O-O
9.O-O Bg4 10.h3 Bxf3 11.Qxf3 a6 12.Ba4 b5 13.Bb3 e6 14.a4 b4 15.Ne2 Nc6 16.Rfd1 Rc8
17.Rab1 Ne4 18.Ng3 Nxg3 19.Qxg3 Na5 20.Bf4 Rc6 21.Qd3 Qb6 22.h4 h5 23.Qe3 Nc4
24.Qd3 Rfc8 25.g3 Na5 26.Bg5 Nxb3 27.cxb3 Rc2 28.Be7 Bf8 29.Bc5 R8xc5 30.dxc5 Qxc5
31.Rd2 Rc1+ 32.Rxc1 Qxc1+ 33.Kh2 Kh7 34.Rc2 Qb1 35.Rd2 Qc1 36.Rc2 Qb1 37.Rd2 Qc1
38.Rc2  1/2-1/2

[Event "7th Agzamov Memorial"]
[Site "Tashkent UZB"]
[Date "2013.04.21"]
[Round "8"]
[White "Rahman,Adel"]
[Black "Rustamov,Al"]
[Result "1/2-1/2"]
[WhiteElo "2152"]
[BlackElo "2199"]

1.e4 g6 2.d4 Bg7 3.Nc3 c6 4.Nf3 d6 5.Be2 Nf6 6.O-O O-O 7.a4 Nbd7 8.Re1 e5
9.Be3 Qe7 10.Bf1 Ng4 11.Bg5 f6 12.Bc1 f5 13.exf5 gxf5 14.h3 Ngf6 15.dxe5 dxe5
16.Bf4 Ne4 17.Nxe4 fxe4 18.Bc4+ Kh8 19.Bg5 Bf6 20.Bxf6+ Nxf6 21.Ng5 Bf5 22.Qc1 Rae8
23.Ra3 h6 24.Nf7+ Rxf7 25.Bxf7 Qxf7 26.Qxh6+ Bh7 27.Rg3 Rf8 28.Re2 Ng8 29.Qd6 Qf6
30.Qc7 Ne7 31.Qxb7 Nf5 32.Rg4 Nh6 33.Rg3 Nf5 34.Rg4 Nd4 35.Rd2 Rg8 36.Rxg8+ Bxg8
37.Qb4 Qg5  1/2-1/2

[Event "62nd ch-BUL w 2013"]
[Site "Bankya BUL"]
[Date "2013.04.23"]
[Round "7.3"]
[White "Bednikova,S"]
[Black "Voiska,M"]
[Result "1-0"]
[WhiteElo "2058"]
[BlackElo "2285"]

1.e4 g6 2.d4 Bg7 3.Nc3 c6 4.Nf3 d6 5.h3 Nd7 6.a4 Qc7 7.a5 Ngf6 8.g3 O-O 9.Bg2 e5
10.O-O Re8 11.Re1 Nf8 12.Ra3 Ne6 13.Be3 Bd7 14.b4 h6 15.d5 cxd5 16.exd5 Nf8
17.b5 Qc8 18.Kh2 g5 19.Qd2 g4 20.Nh4 gxh3 21.Bf3 Bg4 22.Ne4 Bxf3 23.Nxf3 h5
24.Nxf6+ Bxf6 25.Bg5 Bg7 26.Bh6 Bxh6 27.Qxh6 Qxc2 28.Qxh5 Qxf2+ 29.Kxh3 Rac8
30.Ra4 Ng6 31.Rg4 Kg7 32.Nh4 Qf6 33.Nf5+ Kf8 34.Qh6+ Kg8 35.Rf1 Rc3 36.Qd2 Kh7
37.Qxc3 Rh8 38.Kg2  1-0

[Event "48th Capablanca Open I 2013"]
[Site "Havana CUB"]
[Date "2013.04.24"]
[Round "4.41"]
[White "Gutierrez Delgado,Y"]
[Black "Frometa Castillo,Z"]
[Result "1-0"]
[WhiteElo "2335"]
[BlackElo "2121"]

1.e4 c6 2.d4 g6 3.Nc3 Bg7 4.Be3 d5 5.f3 e6 6.Qd2 b6 7.O-O-O Ba6 8.Nge2 h6
9.h4 Nf6 10.e5 Nfd7 11.h5 g5 12.f4 g4 13.f5 c5 14.fxe6 fxe6 15.Nf4 Nf8 16.Bxa6 Nxa6
17.Qe2 cxd4 18.Bxd4 Nc7 19.Qxg4 Qg5 20.Qf3 O-O-O 21.Qe3 Nd7 22.Ng6 Qxe3+
23.Bxe3 Rhe8 24.Bd4 Nf8 25.Nf4 Rd7 26.Rdf1 Rf7 27.g4 Nh7 28.Ng6 Rd7 29.Rf4 Ng5
30.Rhf1 Kb7 31.a4 Rc8 32.Kb1 a6 33.Be3 Ne8 34.R4f2 Rc4 35.Bxg5 hxg5 36.Rf7 Kc7
37.Rxd7+ Kxd7 38.Rf7+ Kd8 39.Rxg7 Nxg7 40.h6 Ke8 41.h7 Kf7 42.Ne7 Kxe7 43.h8=Q Kf7
44.Qh3  1-0

[Event "Nakhchivan Open A 2013"]
[Site "Nakhchivan AZE"]
[Date "2013.04.24"]
[Round "3.19"]
[White "Abdulla,K"]
[Black "Iskandarov,M"]
[Result "0-1"]
[WhiteElo "2226"]
[BlackElo "2373"]

1.e4 g6 2.d4 Bg7 3.Nc3 c6 4.f4 d5 5.e5 f6 6.Nf3 Nh6 7.Bd3 O-O 8.O-O Bg4 9.h3 Bxf3
10.Rxf3 fxe5 11.fxe5 e6 12.Rxf8+ Qxf8 13.Bxh6 Bxh6 14.Qg4 Qe7 15.h4 Nd7 16.h5 Be3+
17.Kh1 Kg7 18.Nd1 Bd2 19.Nf2 c5 20.hxg6 h5 21.Qe2 Bh6 22.Qxh5 Rh8 23.Nh3 Be3
24.Qe2 cxd4 25.c3 Qg5 26.cxd4 Bxd4 27.Rf1 Nxe5 28.Qc2 Qe7 29.Qe2 Qh4 30.Rc1 Qd8
31.Rf1 Rh4 32.Qc2 Qe7 33.a3 Qc5 34.Qe2 Qc7 35.Qd2 Qd6 36.Bb1 Bb6 37.Qg5 Ng4
38.Rf4 Nf2+ 39.Kh2 Ng4+ 40.Kh1 Bd8 41.Rf7+ Kg8 42.Qf4 Qxf4 43.Rxf4 Bf6 44.b3 Kg7
45.Kg1 e5 46.Rb4 b6 47.Nf2 Nxf2 48.Kxf2 e4 49.Bc2 Rh1 50.Ra4 a5 51.b4 axb4
52.axb4 Kxg6 53.Ke3 Kf5 54.Ra6 d4+ 55.Ke2 Rc1 56.g4+ Ke5 57.Bb3 Bh4 58.Rxb6 d3+
59.Ke3 Bg5+ 60.Kf2 e3+  0-1

[Event "Nakhchivan Open A 2013"]
[Site "Nakhchivan AZE"]
[Date "2013.04.25"]
[Round "4.27"]
[White "Sevdimaliev,U"]
[Black "Aleskerov,F"]
[Result "1-0"]
[WhiteElo "2267"]
[BlackElo "2384"]

1.e4 g6 2.d4 Bg7 3.Nc3 c6 4.f4 d5 5.e5 h5 6.Nf3 Bg4 7.Be3 Nh6 8.h3 Bxf3 9.Qxf3 e6
10.g3 Bf8 11.O-O-O Qa5 12.Kb1 Na6 13.g4 h4 14.Bd3 Nb4 15.f5 Nxd3 16.Rxd3 gxf5
17.Bg5 Qc7 18.Bxh4 Be7 19.Bf2 O-O-O 20.Be3 c5 21.dxc5 a6 22.g5 f4 23.Bxf4 Nf5
24.b4 Rdg8 25.Rg1 Qd8 26.Ne4 dxe4 27.Rxd8+ Rxd8 28.Qg2 Rh4 29.Bc1 a5 30.g6 Rg8
31.Qf1 e3 32.gxf7 Rxb4+ 33.Ka1 Rxg1 34.Qxg1 Nd4 35.a3 e2 36.Bd2 Nxc2+ 37.Ka2 Rf4
38.Qg8+ Kc7 39.Bxa5+ b6 40.cxb6+ Kb7 41.Qg2+ Ka6 42.Qa8+ Kb5 43.b7  1-0

[Event "TCh-CZE Extraliga 2012-13"]
[Site "Czech Republic CZE"]
[Date "2013.04.27"]
[Round "10.4"]
[White "Jaracz,P"]
[Black "Vokac,M"]
[Result "1-0"]
[WhiteElo "2548"]
[BlackElo "2471"]

1.d4 g6 2.e4 Bg7 3.Nc3 c6 4.f4 d5 5.e5 h5 6.Be3 Nh6 7.Qd2 Bf5 8.h3 Nd7 9.Nf3 Nf8
10.Rg1 Ne6 11.O-O-O Qd7 12.Nh2 Rd8 13.g4 hxg4 14.hxg4 Be4 15.Nxe4 dxe4 16.Qg2 Qd5
17.c4 Qa5 18.a3 g5 19.Qxe4 gxf4 20.Bf2 Qa4 21.Nf3 Nc5 22.Qc2 Qxc2+ 23.Kxc2 Ne4
24.Bh4 Ng3 25.Bxg3 fxg3 26.Rxg3 e6 27.Bd3 Ng8 28.Rgg1 Ne7 29.Be4 Rd7 30.g5 Ng6
31.Rh1 Rxh1 32.Rxh1 c5 33.Bxg6 fxg6 34.Kd3 cxd4 35.Ke4 d3 36.Rd1 Bf8 37.Nd4 Be7
38.Rxd3 Bxg5 39.Rg3 Bc1 40.b4 Kf7 41.Rf3+ Ke7 42.Rf6 Bxa3 43.Rxe6+ Kd8 44.Nc2 Bb2
45.Rxg6 Bc3 46.Rg8+ Ke7 47.Rg2 Rd2 48.Rxd2 Bxd2 49.b5 a5 50.c5 a4 51.b6 Kd8
52.e6 Bg5 53.Kd5 Ke7 54.Ke5 Bh4 55.Na3 Bg3+ 56.Kd5 Bb8 57.Nb5 Bf4 58.c6 bxc6+
59.Kxc6 Bb8 60.Kd5 Bf4 61.b7 Bg3 62.Nd4 Kf6 63.Nf5 Bb8 64.e7 Kf7 65.Kc4 a3
66.Kb3  1-0